Postavenie daňového poradcu v Slovenskej republike

Práva a povinnosti daňových poradcov. Daňový poradca a daňové subjekty. Daňové a právne poradenstvo.

Salvato in:
Dettagli Bibliografici
Autore principale: Harmaniaková, Anna
Natura: Capitolo di libro
Lingua:slovacco
Soggetti:
Tags: Aggiungi Tag
Nessun Tag, puoi essere il primo ad aggiungerne!!

MARC

LEADER 00000naa a2200000 4500
001 r033348
005 20230929091002.8
041 0 |a slo 
044 |a CZ 
245 1 0 |a Postavenie daňového poradcu v Slovenskej republike  |c Anna Harmaniaková 
520 |a Práva a povinnosti daňových poradcov. Daňový poradca a daňové subjekty. Daňové a právne poradenstvo. 
610 2 0 |a poradcovia daňoví 
610 2 0 |a dane 
610 2 0 |a povinnosť daňová 
610 2 0 |a povinnosť oznamovacia 
610 2 0 |a sadzby daňové 
610 2 0 |a politika daňová 
610 2 0 |a legislatíva 
610 2 0 |a služby 
610 2 0 |a Slovensko 
100 1 |a Harmaniaková, Anna